Culture Générale - Série 490 - Statistiques

Statistiques générales
  • Ce quiz a été pris 177 fois
  • Le résultat moyen est 4 sur 10
Statistiques - réponses
Question Réponse % Correct
Quel félin a été réintroduit dans les Alpes et le Jura ? lynx
87%
Quel nom porte un diamant isolé, taillé, monté le plus souvent en bague ? solitaire
66%
Quel nom donne‐t‐on au chamois dans les Pyrénées ? isard
55%
De quel minéral est constitué le diamant ? carbone
54%
Dans la saga "Star Wars", quels petits personnages de la planète Endor vivent dans la forêt ? Ewoks
43%
Quel adjectif peut compléter le nom du rapace méditerranéen nommé gypaète ? barbu
35%
Quel pont de Florence est célèbre pour ses nombreuses boutiques de bijoutiers ? Ponte Vecchio
19%
Comment se nomme un bijou de pierre dure ou fine ciselée d'un motif en relief ? camée
18%
Comment est la forêt d'après le titre d'un film de John Boorman ? D'émeraude
17%
Quel animal est appelé "lou biou" en provençal ? taureau
6%
Aucun quiz correspondant
Distribution des résultats
% des personnes avec chaque résultat
Percentile par nombre de réponses
Votre historique - résultats
Vous n’avez pas pris ce quiz